| 000 | 00499nam a2200193Ia 4500 | ||
|---|---|---|---|
| 999 |
_c18383 _d18383 |
||
| 003 | 0100 | ||
| 005 | 20170608140853.0 | ||
| 008 | 130303s9999 xx 000 0 und d | ||
| 020 | _a080650420X | ||
| 040 | _cARRUPELIB | ||
| 050 | _aDT14.J12 1995 | ||
| 100 |
_aJackson, John G _932357 |
||
| 245 | _aIntroduction to African civilizations | ||
| 260 |
_bCarol _aNew York _c1995 |
||
| 300 | _a384p. | ||
| 300 | _b 20cm. | ||
| 650 |
_aAfrica _xHistory _922067 |
||
| 700 |
_aIntroduction and Additional Bibliogrpahical Notes by John Henrik Clarke _932358 |
||
| 942 |
_2lcc _cMONOGRAPH |
||